00777nam a22002297a 4500003000900000005001700009007000300026008003400029020001800063040002500081082002200106100003100128245006400159260003800223300002800261500007400289500005000363504003300413586006000446650001600506650002500522DO-SdBNP20220324135153.0ta210426e 2020 dr a 00| 0dspa d a9789945503760 aDO-SdBNPbspacBNPHU 4a701.17bM971c2221 aMuñoz, Dustín, d1972-13aLa contemplación estética de lo feo /cDustín Muñoz aSanto Domingo :bNacional,c2020. a272 p. :bil. ;c20 cm. aIncluye referencias bibliográficas y notas al pie de las páginas. aIncluye apéndice de imágenes, p. 257-262. aBibliografía : p. 245-256 aPremio Anual de Ensayo Pedro Henríquez Ureña 2019 4aEstética  4aFilosofía del arte